[Event "IRI-ch U16 Girls"]
[Site "Chess.com INT"]
[Date "2021.01.16"]
[Round "8"]
[White "Eydazha, Sevil"]
[Black "Rostami, Sanaz"]
[Result "1-0"]
[WhiteElo "1312"]
[BlackElo "1257"]
[PlyCount "143"]
[EventDate "2021.01.16"]
[EventType "swiss"]
[EventRounds "9"]
[EventCountry "IRI"]
[SourceTitle "EXT 2022"]
[Source "ChessBase"]
[SourceDate "2021.10.06"]
[SourceVersion "1"]
[SourceVersionDate "2021.10.06"]
[SourceQuality "1"]

1. Nf3 c5 2. e3 e6 3. c4 Nf6 4. b3 g6 5. Bb2 Bg7 6. Be2 Nc6 7. 0-0 0-0 8. d4 cxd4 9. Nxd4 Nxd4 10. Bxd4 d5 11. Nc3 dxc4 12. Bxc4 a6 13. Rc1 b5 14. Be2 Bb7 15. Bf3 Qe7 16. Qe2 Rfd8 17. Bxb7 Qxb7 18. Qb2 Qe7 19. Ne2 Rac8 20. Bb6 Re8 21. Rxc8 Rxc8 22. Rc1 Rb8 23. Bd4 Re8 24. Be5 Nh5 25. Bxg7 Nxg7 26. Qe5 Qa3 27. Rc2 Nf5 28. h3 Ne7 29. e4 Rd8 30. Qc7 Re8 31. Qd7 Kf8 32. Nd4 Qa5 33. Nf3 Rd8 34. Qc7 Qxc7 35. Rxc7 Rd6 36. e5 Rb6 37. Ng5 h5 38. Ne4 Nf5 39. Nf6 Kg7 40. Ne8+ Kf8 41. Nf6 Kg7 42. Ne4 a5 43. Ng5 Kg8 44. Nxf7 a4 45. Ng5 axb3 46. axb3 b4 47. Ne4 h4 48. Nf6+ Kf8 49. Nd7+ Ke8 50. Nxb6 Kd8 51. Rc4 Ne7 52. Rxb4 Nd5 53. Nxd5 exd5 54. Rxh4 Ke7 55. f4 Ke6 56. Kf2 d4 57. Ke2 Kd5 58. Kd3 Kc5 59. g4 Kd5 60. Rh8 Ke6 61. Kxd4 g5 62. f5+ Kf7 63. e6+ Kf6 64. b4 Kg7 65. e7 Kxh8 66. e8Q+ Kg7 67. Qg6+ Kf8 68. Qh7 Ke8 69. b5 Kd8 70. b6 Kc8 71. f6 Kb8 72. Qc7+ 1-0

[Event "IRI-ch U16 Girls"]
[Site "Chess.com INT"]
[Date "2021.01.16"]
[Round "7"]
[White "Rostami, Sanaz"]
[Black "Harati, Hasti"]
[Result "0-1"]
[WhiteElo "1257"]
[BlackElo "1630"]
[PlyCount "70"]
[EventDate "2021.01.16"]
[EventType "swiss"]
[EventRounds "9"]
[EventCountry "IRI"]
[SourceTitle "EXT 2022"]
[Source "ChessBase"]
[SourceDate "2021.10.06"]
[SourceVersion "1"]
[SourceVersionDate "2021.10.06"]
[SourceQuality "1"]

1. Nf3 Nf6 2. g3 b5 3. Bg2 Bb7 4. 0-0 g6 5. d3 Bg7 6. Nbd2 0-0 7. e4 d6 8. Qe1 e6 9. e5 dxe5 10. Nxe5 Bxg2 11. Kxg2 Qd5+ 12. Nef3 Nc6 13. Kg1 Rfe8 14. a3 a5 15. Ne4 e5 16. Bd2 Nd7 17. Bc3 f5 18. Ned2 b4 19. axb4 axb4 20. Rxa8 Rxa8 21. Bxe5 Ndxe5 22. Nxe5 Qxe5 23. Qb1 Qxb2 24. Qe1 Qe5 25. Qd1 Ra1 26. Qf3 Rxf1+ 27. Nxf1 Nd4 28. Qa8+ Kf7 29. Qa2+ Qe6 30. Qa8 Qc6 31. Qa2+ b3 32. cxb3 Nf3+ 33. Kg2 Ne1+ 34. Kh3 Qg2+ 35. Kh4 Bf6# 0-1

[Event "IRI-ch U16 Girls"]
[Site "Chess.com INT"]
[Date "2021.01.16"]
[Round "6"]
[White "Sadollahi, Nesa"]
[Black "Rostami, Sanaz"]
[Result "1-0"]
[WhiteElo "1433"]
[BlackElo "1257"]
[PlyCount "131"]
[EventDate "2021.01.16"]
[EventType "swiss"]
[EventRounds "9"]
[EventCountry "IRI"]
[SourceTitle "EXT 2022"]
[Source "ChessBase"]
[SourceDate "2021.10.06"]
[SourceVersion "1"]
[SourceVersionDate "2021.10.06"]
[SourceQuality "1"]

1. e4 c5 2. Nf3 e6 3. d4 cxd4 4. Nxd4 a6 5. Nc3 d6 6. Be3 Nf6 7. f3 Qc7 8. Qd2 Nc6 9. Be2 Be7 10. 0-0 b5 11. a3 Bb7 12. Rad1 0-0 13. Nxc6 Bxc6 14. Bd3 d5 15. exd5 Nxd5 16. Nxd5 Bxd5 17. Qf2 Bf6 18. c3 Bb3 19. Rde1 Bc4 20. Rd1 Bb3 21. Rd2 Be5 22. f4 Bf6 23. f5 Rac8 24. Be4 Rfe8 25. Bb6 Qe5 26. Bb7 Rb8 27. Bc6 Rf8 28. Bd4 Qxf5 29. Qxf5 exf5 30. Bxf6 gxf6 31. Rxf5 Kg7 32. Rd4 Be6 33. Rff4 Rg8 34. Bf3 Rbd8 35. Kf2 f5 36. Ke3 Rge8 37. Rxd8 Rxd8 38. Rd4 Re8 39. Kf4 Bc8 40. Rd6 Re6 41. Rd8 h5 42. Rxc8 Rh6 43. Rc6 h4 44. Rxh6 Kxh6 45. Kxf5 h3 46. gxh3 f6 47. Kxf6 a5 48. Ke6 b4 49. axb4 a4 50. b5 a3 51. bxa3 Kg5 52. b6 Kf4 53. Bg4 Kg5 54. b7 Kg6 55. b8Q Kg7 56. Qc7+ Kh6 57. Qf4+ Kh7 58. Qf5+ Kg8 59. Bh5 Kh8 60. Qf6+ Kh7 61. Qf7+ Kh8 62. Qf4 Kh7 63. c4 Kg8 64. Ke7 Kh8 65. Kf7 Kh7 66. Qg5 1-0